000 02135nam a22002297a 4500
999 _c60062
_d60062
003 Ge_BSU
005 20230602154029.0
008 230602s2018ge xxu||||| |||| 00| 0 geo d
020 _a9790801574169
041 _ageo
080 _a783(479.22)შ-48
245 _aშენ ხარ ვენახი [ნოტი] :
_bმეფე დემეტრე I ბაგრატიონის ჰიმნი = You are a Vineyard : Hymn by King Demetre I Bagrationi /
_cშემდგენლები: სვომონ (ჯიქი) ჯანგულაშვილი, ლევან ვეშაპიძე ; რედაქტორი: რუსუდან წურწუმია ; კომპიუტერული უზრუნველყოფა: ლევან ვეშაპიძე ; მთარგმნელები: მარიამ ცოცხალაშვილი, ერიკ ჰალვორსონი ; ხმის რეჟისორები: გიორგი აბრამიშვილი, არჩილ ბურჭულაძე ; ნახატი გარეკანზე: ანუკ ბელუგა ; პროექტის კოორდინატორი: ნინო რაზმაძე ;
264 _aვარშავა = Warszawa :
_b PWN,
_c2018.
300 _a70 გვ. ;
_b28 სმ.
500 _aქართული ანბანის საერთაშორისო ტრანსკრიფცია: გვ. 12
546 _aწინასიტყვაობა ქართ., ინგლ. ენ. : გვ. 3-10
653 _aშუა საუკუნეების ქართული გალობა = Medieval Georgian Chant Medieval Georgian Chant
700 _aჯანგულაშვილი,სვომონ
_eშემდგენელი
_918433
700 _aვეშაპიძე, ლევან
_eშემდგენელი
_918434
700 _aწურწუმია, რუსუდან
_eრედაქტორი და სხვ
_918435
942 _2udc
_cBK